Нормален изглед
MARC изглед
- сръбски претенции
Вход 08. Ключови думи
001 - Контролен номер на записа
- Контролно поле: 463983
003 - Код на организацията, даваща контролен номер
- Контролно поле: BLK
005 - Дата и час на последна промяна на записа
- Контролно поле: 20210907100705.0
008 - Данни с фиксирана дължина – обща информация
- Данни с фиксирана дължина : 210907|| aca||aabn | a|a d
153 ## - Ключови думи
- Ключова дума: сръбски претенции
942 ## - Системна служебна употреба
- Koha auth type: KEW